| 000 | 00687nam a2200193 a 4500 | ||
|---|---|---|---|
| 001 | 7432 | ||
| 003 | CO-ViMGA | ||
| 008 | 141112s2004 ck r 000 u spa d | ||
| 020 | _a848770865X | ||
| 040 |
_aCO-ViMGA _bspa _cCO-ViMGA |
||
| 082 | 0 | 4 | _a343.04 B135 |
| 100 | 1 |
_aBaena Aguilar, Ángel _96684 |
|
| 245 | 1 | 0 |
_aLa agencia tributaria frente al contribuyente : _bregimen juridico y problemas de constitucionalidad (FUERA DE SERVICIO)/ _cBaena aguilar Ángel , Herrera Molina Pedro Manuel , Serrano Anton Fernando |
| 260 |
_aMadrid : _bComares, _c1993 |
||
| 300 | _a182 p | ||
| 490 | _aBiblioteca comares de ciencia juridica | ||
| 650 | 1 | 4 |
_aDERECHO TRIBUTARIO _952985 |
| 942 |
_2ddc _cBK |
||
| 999 |
_c19380 _d19380 |
||